00902nam a22002537a 450000500170000001000130001702000230003003500130005303700160006604000120008208200150009410000290010924500990013826000410023727000280027830000260030650000500033265000350038265000330041770000290045094200240047999900190050395201260052220170124110237.0 aB-168472 c900.00a1563088622 aB-168472 bCen Lib/Ret aDPLbEN a025.1bWAL aWallace, Danny P.942223 aLibrary evaluation :cby Danny P.Wallace [and] Connie Van Fleetba casebook and can-do guide / bLibraries UnlimitedaEnglewoodc2001 bEnglewoodaP.O.Box 6633 axxv,237p. c24cm(pbk) aIncludes bibliographical references and index aLibraries -- Evaluation935580 aLibrary administration92603 aFleet, Connie Van942224 2ddccENh025.1mWAL c134943d134943 00104070aLbLd2015-07-31eCen Lib/Retg900.00l0o025.1 WALpB-168472r2015-07-31 00:00:00t1v900.00w2015-07-31yEN